000 01256nas a2200373 4500
001 BR2022000879
003 BR-BrBNA
005 20231205132318.0
007 ta
008 230509b bl.|||p| |||| 00| 00por d
040 _aBR-BrBNA
_bpor
_cBiblioteca Nacional de Agricultura
041 _a(Pt)
072 _aL73; L70
100 1 _aAlberton, L.R.
100 1 _aOrlandini, C.F.
100 1 _aZampieri, T.M.
100 1 _aNakamura, A.Y.
100 1 _aGonçalves, D.D.
100 1 _aPiau Júnior, R.
100 1 _aZaniolo, M.M.
100 1 _aCardim, S.T.
100 1 _aVidotto, O.
100 1 _aGarcia, J.L.
245 1 _aEficácia do dipropionato de imidocarb, da enrofloxacina e do cloridrato de oxitetraciclina no tratamento de bovinos naturalmente infectados por Anaplasma marginale
650 _aGADO LEITEIRO
650 _aANAPLASMOSE
650 _aDOENÇA ANIMAL
650 _aVETERINÁRIA
650 _aDEFESA ANIMAL
773 0 _tArquivo Brasileiro de Medicina Veterinária e Zootecnia (Brazil)
_xISSN 1678-4162
_g(2015), v. 67(4) p. 1056-1062
_wBR2022000879
856 4 0 _uhttps://www.scielo.br/j/abmvz/a/QGBHYVjNFqbfYPXGw3PgjVx/?format=pdf lang=pt
909 _a202311
_bLúcia
_c55
_dLúcia Elande
942 _2AGRIS
_n0
_cANA
999 _c259636
_d259636